00325cam a22001217a 4500008004000000082001800040100001600058245004100074260002800115300000900143650003800152650001300190180718b1963 xxu||||| |||| 00| 0 eng d aT19x5412 M697 aMitra, Asok aCalcutta India's citycby Asok Mitra aCalcuttabNew Agec1963 a99p. aWest Bengal - Economic Conditions aCalcutta